Duchownj Žiwota Studnice, plná Božského Občerstwenj; Wyprýsstěná w Rági Pjsma Swatého, otewřená od Ducha Swatého, a wssem spasenj žádostiwým, a milosti Božj žiznjcým srdcým, tak každodenné ráno y wečer, tak také we wsselikých potřebách, křjžjch a ssauženjch; Ano též při Zpowědi, Wečeri Páně, Nedělnjch y swátečnjch Božjch službách, k potěssitedlnému vžjwánj Cýrkwe Augsspurského Wyznánj dokonálegi wydaná

Bibliographic Details
Other Authors: Hornyánszky, Viktor (Printer), Mlynár, Eliáš, asi 1670-asi 1720 (Author of introduction, etc., Compiler)
Format: Book
Language:Slovak
Subjects:

MARC

LEADER 00000cam a22000005 4500
001 vtls001181328
003 SK-MaSNL
005 20260301002646.0
008 180810s1886 hu 00100 slo
015 |a SNBAHF 
040 |a SNKHF  |b slo  |c SNKHF  |e rda 
041 0 |a slo 
044 |a hu  |c HU 
072 7 |a 783  |x Cirkevná hudba. Duchovná hudba. Náboženská hudba  |2 konspekt 
080 |a 783  |2 2011 
080 |a (0:82-97)  |2 2011 
130 1 |a Duchownj  |9 282845 
245 0 0 |a Duchownj Žiwota Studnice, plná Božského Občerstwenj;  |b Wyprýsstěná w Rági Pjsma Swatého, otewřená od Ducha Swatého, a wssem spasenj žádostiwým, a milosti Božj žiznjcým srdcým, tak každodenné ráno y wečer, tak také we wsselikých potřebách, křjžjch a ssauženjch; Ano též při Zpowědi, Wečeri Páně, Nedělnjch y swátečnjch Božjch službách, k potěssitedlnému vžjwánj Cýrkwe Augsspurského Wyznánj dokonálegi wydaná  |c Skrze Eliásse Mlynárowých, Měssťana Kežmarského 
264 3 |a W Budapessti  |b Tiskem Wiktora Hornyánského  |c 1886 
300 |a 624 strán, 8 nečíslovaných strán  |c 14 cm 
336 |a text  |b txt  |2 rdacontent 
337 |a bez média  |b n  |2 rdamedia 
338 |a zväzok  |b nc  |2 rdacarrier 
500 |a Ozdobné linky 
501 |a Príväzok 1.: WE gménu vkřižowaného Pána nasseho Gezu Krysta. Kancyonaljk... W Budapessti: Tiskem Wiktora Hornyánský, 1886.  |5 SNK SE 2509/2 
504 |a Obsahuje register 
508 |a Predslov zostavovateľa 
650 0 7 |a cirkevná hudba  |2 SNKPH  |9 1748 
655 7 |a modlitby  |2 SNKPH  |9 70550 
700 1 |a Hornyánszky, Viktor  |4 prt  |9 268213 
700 1 |a Mlynár, Eliáš,  |d asi 1670-asi 1720  |4 aui  |4 com  |9 168593 
752 |a Maďarsko  |d Budapešť 
852 |a snk  |b Historické fondy  |p SE 2509/1 
958 |a ONDV 
958 |a DF 
999 |c 537813  |d 539743 
952 |a SNK  |b SNK  |y PREZ  |7 0  |p 17A0557066  |o snkSE 2509/1 D1  |i snkK 1302/81  |8 3  |0 0  |1 0  |4 0  |d 2007-07-02  |l 0  |r 2026-02-23 12:30:24  |w 2026-02-23 
952 |a SNK  |b SNK  |y PREZ  |7 0  |p 17A0557575  |o snkSE 2509/1 D2  |i snkK 1200/94  |8 3  |3 rekatalogizácia  |0 0  |1 0  |4 0  |d 2007-08-09  |l 0  |r 2026-02-23 12:30:24  |w 2026-02-23 
952 |a SNK  |b SNK  |y PREZ  |7 0  |p 17A0173169  |o snkSE 2509/1  |i snkKSK 941/58  |8 3  |0 0  |1 0  |4 0  |d 1998-12-07  |f 1  |l 0  |r 2005-01-01 00:00:00  |w 2026-02-23